Slovak reform of health care: from fees to systemic changes

Salvato in:
Dettagli Bibliografici
Autore principale: Zajac, Rudolf
Altri autori: Pažitný, Peter, Marcinčin, Anton
Natura: Capitolo di libro
Lingua:inglese
Soggetti:
Tags: Aggiungi Tag
Nessun Tag, puoi essere il primo ad aggiungerne!!

MARC

LEADER 00000naa$a2200000$$$4500
001 0026105
005 20231010100024.2
041 0 |a eng 
044 |a CZ 
245 1 0 |a Slovak reform of health care: from fees to systemic changes  |c Rudolf Zajac, Peter Pažitný, Anton Marcinčin 
610 2 0 |a zdravotníctvo 
610 2 0 |a starostlivosť zdravotná 
610 2 0 |a reformy 
610 2 0 |a poistenie zdravotné 
610 2 0 |a Slovensko 
100 1 |a Zajac, Rudolf 
700 1 |a Pažitný, Peter 
700 1 |a Marcinčin, Anton